Melakukan apa yang dijangka (pantun) (Tamil)

Bibliographic Details
Main Author: Selvakumar
Format: Book
Published: Chennai : Manimegalai , 2006
Subjects:

MARC

LEADER 00000cam a2200000 7i4500
001 0000022065
005 20080725.0
008 080725
020 |a RM10.50 
090 0 0 |a 808.8194811   |b SEL 
100 1 |a Selvakumar 
245 1 0 |a Melakukan apa yang dijangka (pantun) (Tamil)   |c Selvakumar 
260 |a Chennai :   |b Manimegalai ,   |c 2006 
650 0 |a Poetry   |x collection 
650 0 |a Tamil poetry   |x collection 
999 |a 0001033288   |b Book   |c Tamil Collection   |e Perbadanan Perpustakaan Awam Johor 
999 |a 0001033289   |b Book   |c Tamil Collection   |e Perbadanan Perpustakaan Awam Johor 
999 |a 0001033290   |b Book   |c Tamil Collection   |e Cawangan Batu Pahat